Películas referenciadas en Los Simpson #9 - Estadísticas

Estadísticas generales
  • Esta prueba ha sido intentada 17 veces
  • La puntuación promedio es 5 de 20
Estadísticas de respuestas
Imagen Respuesta % Correcto
Intensa Mente
94%
Viven / La sociedad de la nieve
75%
Whiplash
50%
127 horas
44%
Coraline
44%
El cisne negro
44%
La tormenta perfecta
25%
Agente 007 contra el Dr. No
19%
Pánico y locura en Las Vegas
19%
Easy Rider
13%
Qué bello es vivir
13%
Todos los hombres del presidente
13%
Christine
6%
El gran escape
6%
Los elegidos de la gloria
6%
Soylent Green
6%
The Omega Man
6%
Babe
0%
El salario del miedo
0%
Los Guerreros
0%
No se encontraron pruebas coincidentes
Distribución de puntuación
Porcentaje de gente con cada puntuación
Porcentaje por número respondido
Historial de tus puntuaciones
No has intentado esta prueba.